000 00294pab a2200109 454500
008 180718b xxu||||| |||| 00| 0 eng d
100 _aBajaj, K.K
245 _aCapital market - special courts should redress grievances
650 _aFinance, Business
773 _aBusiness Standard
909 _a24091
999 _c24091
_d24091